Minneapolis Alphabetical Avenue Names - Statistics

General Stats
  • This quiz has been taken 30 times
  • The average score is 14 of 28
Answer Stats
Avenue % Correct
X Xerxes
74%
B Bryant
67%
H Hennepin
67%
A Aldrich
63%
U Upton
63%
C Colfax
59%
F Fremont
59%
D Dupont
56%
E Emerson
56%
G Girard
56%
K Knox
56%
P Penn
56%
Q Queen
56%
Y York
48%
I Irving
44%
J James
44%
Z Zenith
44%
H Humboldt
41%
S Sheridan
41%
T Thomas
41%
W Washburn
41%
L Logan
37%
V Vincent
37%
H Holmes
33%
M Morgan
33%
N Newton
33%
O Oliver
30%
R Russell
22%
No matching quizzes found
Score Distribution
Percent of People with Each Score
Percentile by Number Answered
Your Score History
You have not taken this quiz